Τα βασικά εκπαιδευτικά προβλήματα

Saved in:
Bibliographic Details
Main Author: Μπάλλας, Κωνσταντίνος Δ.
Format: Book
Language:Greek
Published: Χίος : Κασσιώτης, 1951.
Series:Ποικίλαι εκδόσεις ; v.4
Subjects:
Tags: Add Tag
No Tags, Be the first to tag this record!

MARC

LEADER 00000cam a2200000 i 4500
001 1/94537
008 080925s1951 gr | ||| |||| ||gre||
035 |l 10100439 
040 |a GR-MY-UA  |b gre  |e aacr 
041 0 |a gre 
082 7 |a 370.1   |2 (22) 
100 1 |a Μπάλλας, Κωνσταντίνος Δ. 
245 1 3 |a Τα βασικά εκπαιδευτικά προβλήματα /   |c Κων. Δ. Μπάλλα.  
260 |a Χίος :   |b Κασσιώτης,   |c 1951.  
300 |a 160 σ. ;   |c 23 εκ.  
490 1 |a (Ποικίλαι εκδόσεις ;   |v  vol.4)  
500 |a Υπό του τίτλου: Σκοπός της αγωγής, επίσημο αναλυτικό πρόγραμμα - μέθοδος διδασκαλίας, ο διδάσκαλος ''το πρόβλημα των προβλημάτων".  
650 0 0 |a Education  |x Aims and objectives. 
650 0 0 |a Education  |x Curricula  |x Philosophy. 
650 0 0 |a Teaching  |x Methodology. 
650 0 0 |a Teacher effectiveness. 
650 0 0 |a Teachers  |x Attitudes. 
830 0 |a Ποικίλαι εκδόσεις ;  |v  v.4 
852 |a INST  |b RHODES  |c AKA  |e 20080925  |h 370.1 ΜΠΑ  |p 005400030645  |q 005400030645  |t BK  |y 0 
901 |a BIBL4-2008-3 
909 |a Ρ  |b 153085 
970 |a ΧΑΡΙΟΠΟΛΙΤΟΥ  |b ΚΩΝΣΤΑΝΤΙΝΑ  |z 2008/09/25